ARRUPE JESUIT UNIVERSITY

CORONAVIRUS -STOP THE SPREAD - CLEAN,DISINFECT,COVER

Buddhist-Catholic dialogue in Sri Lanka in the context of the evangelizing mission of the church (Record no. 123895)

MARC details
000 -LEADER
fixed length control field 00622nam a22001697a 4500
008 - FIXED-LENGTH DATA ELEMENTS--GENERAL INFORMATION
fixed length control field 151217b xxu||||| |||| 00| 0 eng d
050 ## - LIBRARY OF CONGRESS CALL NUMBER
Classification number BR 128.B8 M524
100 ## - MAIN ENTRY--PERSONAL NAME
Personal name Mellawa, Bennette
9 (RLIN) 21368
245 ## - TITLE STATEMENT
Title Buddhist-Catholic dialogue in Sri Lanka in the context of the evangelizing mission of the church
Statement of responsibility, etc / by Bennette Mellawa
260 ## - PUBLICATION, DISTRIBUTION, ETC. (IMPRINT)
Place of publication, distribution, etc Rome
Name of publisher, distributor, etc Pontifica Universitas Urbaniana
Date of publication, distribution, etc 2002
300 ## - PHYSICAL DESCRIPTION
Extent 132p.
500 ## - GENERAL NOTE
General note Thesis
650 ## - SUBJECT ADDED ENTRY--TOPICAL TERM
Topical term or geographic name as entry element Christianity
General subdivision Relations
-- Buddhisim
9 (RLIN) 21369
650 ## - SUBJECT ADDED ENTRY--TOPICAL TERM
Topical term or geographic name as entry element Catholic church in Sri Lanka
9 (RLIN) 21370
650 ## - SUBJECT ADDED ENTRY--TOPICAL TERM
Topical term or geographic name as entry element Buddhisim
General subdivision Relations
-- Christianity
9 (RLIN) 21371
942 ## - ADDED ENTRY ELEMENTS (KOHA)
Source of classification or shelving scheme Library of Congress Classification
Item type Monograph ( Printed materials)
Holdings
Withdrawn status Lost status Source of classification or shelving scheme Damaged status Not for loan Home library Current library Date acquired Total Checkouts Full call number Barcode Date last seen Price effective from Koha item type
    Library of Congress Classification     ARRUPE LIBRARY ARRUPE LIBRARY 17/12/2015   BR 128.B8 M524 46500005688 15/11/2016 17/12/2015 Monograph ( Printed materials)

 

Arrupe Library. PO Box MP320 Mt Pleasant, Harare, Zimbabwe
263 242 745411|librarian@aju.ac.zw